000 00980nam a2200277 a 4500
001 BRCA_321
005 20190320202946.0
008 870625s1987 pauaf b 001 0beng
020 _a0812280768
040 _aDLC
_cDLC
_dDLC
050 4 _aNK4210.M42
_b.R44 1987
100 1 _aReed, Cleota
_91063
245 1 0 _aHenry Chapman Mercer and the Moravian Pottery and Tile Works
_cCleota Reed
260 _aEstados Unidos de América
_bUniversity of Pennsylvania
_c1987
300 _aXXV, 255 p., [16] p. de láminas
_bil. (algunas a color)
_c26 cm.
500 _aIncluye índice
500 _aDonación Consejo Británico
504 _aBibliografía: p. 239-250
600 1 4 _aMercer, Henry Chapman
_d1856-1930
_91064
610 2 4 _aMoravian Pottery and Tile Works
_91065
650 1 4 _aCerámica americana
_ySiglo XX
_91066
650 1 4 _aAzulejos
_xHistoria
_ySiglo XX
_zEstados Unidos
_91067
650 1 4 _aCeramistas
_xBiografía
_zEstados Unidos
_91068
902 _aDCB
942 _2lcc
_cB
999 _c258
_d258